书目信息 |
| 题名: |
当代仿生建筑
|
|
| 作者: | 奥尔德西-威廉斯, 著 ;刘静波 , 苗苗 , 卢昀伟 译 | |
| 分册: | ||
| 出版信息: | 大连 大连理工大学出版社 2004.03 |
|
| 页数: | 176页 | |
| 开本: | 23cm | |
| 丛书名: | ||
| 单 册: | ||
| 中图分类: | TU2 | |
| 科图分类: | ||
| 主题词: | 仿生--应用--建筑设计 | |
| 电子资源: | ||
| ISBN: | 7-5611-2502-X | |
| 000 | 01119nam0 2200265 450 | |
| 001 | 010259376984 | |
| 005 | 20050915151218.91 | |
| 010 | @a7-5611-2502-X@b精装@dCNY128.00 | |
| 100 | @a20050519d2004 km y0chiy0120 ea | |
| 101 | 1 | @achi@ceng |
| 102 | @aCN@b210000 | |
| 105 | @aa z 000yy | |
| 200 | 1 | @a当代仿生建筑@Adang dai fang sheng jian zhu@d= Zoomorphic:New Animal Architecture@f(英) 休·奥尔德西-威廉斯(Hugh Aldersey-Williams)著@F(ying)xiu·ao er de xi-wei lian si(Hugh Aldersey-Williams)zhu@g卢昀伟, 苗苗, 刘静波译@Glu yun wei,miao miao,liu jing bo yi@zeng |
| 210 | @a大连@c大连理工大学出版社@d2004.03 | |
| 215 | @a176页@c插图@d23cm | |
| 330 | @a本书包括:象征意义仿生;功能仿生——静态模拟;功能仿生——动态模拟;非主观性仿生等内容。 | |
| 510 | 1 | @aZoomorphic:New Animal Architecture@zeng |
| 606 | 0 | @a仿生@x应用@x建筑设计 |
| 690 | @aTU2@v4 | |
| 701 | 1 | @a奥尔德西-威廉斯,@Aao er de xi-wei lian si,@b休@g(Aldersey-Williams, Hugh)@4著 |
| 702 | 0 | @a刘静波@Aliu jing bo@4译 |
| 702 | 0 | @a苗苗@Amiao miao@4译 |
| 702 | 0 | @a卢昀伟@Alu yun wei@4译 |
| 801 | 0 | @aCN@bQSSK@c20050915 |
| 905 | @a10447@dTU2@eA759 | |
| 当代仿生建筑= Zoomorphic:New Animal Architecture/(英) 休·奥尔德西-威廉斯(Hugh Aldersey-Williams)著/卢昀伟, 苗苗, 刘静波译.-大连:大连理工大学出版社,2004.03 |
| 176页:插图;23cm |
| ISBN 7-5611-2502-X(精装):CNY128.00 |
| 本书包括:象征意义仿生;功能仿生——静态模拟;功能仿生——动态模拟;非主观性仿生等内容。 |
| ● |
| 相关链接 |
|
|
|
正题名:当代仿生建筑
索取号:TU2/A759
 
预约/预借
| 序号 | 登录号 | 条形码 | 馆藏地/架位号 | 状态 | 备注 |
| 1 | 564090 | 205640902 | 建筑库101/ [索取号:TU2/A759] | 在馆 |